PHARMACUTICS - I (Dispensing Pharmacy)PRACTICAL NOTE BOOK (Record no. 6011)

MARC details
000 -LEADER
fixed length control field 00454nam a22001577a 4500
005 - DATE AND TIME OF LATEST TRANSACTION
control field 20210906122438.0
008 - FIXED-LENGTH DATA ELEMENTS--GENERAL INFORMATION
fixed length control field 190918b xxu||||| |||| 00| 0 eng d
020 ## - INTERNATIONAL STANDARD BOOK NUMBER
ISBN 81-239-1455-5
041 ## - LANGUAGE CODE
Language code of text/sound track or separate title eng
100 ## - MAIN ENTRY--AUTHOR NAME
Personal name GUPTA,ASHOK K AND JAIN, V.K.
245 ## - TITLE STATEMENT
Title PHARMACUTICS - I (Dispensing Pharmacy)PRACTICAL NOTE BOOK
260 ## - PUBLICATION, DISTRIBUTION, ETC. (IMPRINT)
Place of publication NEW DELHI
Name of publisher C.B.S. PUBLISHERS AND DISTRYBUTORS PVT. LTD
300 ## - PHYSICAL DESCRIPTION
Number of Pages 207p,
650 ## - SUBJECT ADDED ENTRY--TOPICAL TERM
Topical Term PHARMACY
942 ## - ADDED ENTRY ELEMENTS (KOHA)
Koha item type Books
Holdings
Lost status Damaged status Collection code Home library Current library Shelving location Date acquired Source of acquisition Cost, normal purchase price Accession Number Koha item type
    PHARMACY JRU Library JRU Library Shelf - 27- A 18/09/2019 PURCHESS 295.00 23575 Books
    PHARMACY JRU Library JRU Library Shelf - 27- A 18/09/2019 PURCHESS 295.00 23576 Books
    Reference JRU Library JRU Library SHELF-4-C 18/09/2019 PURCHESS 295.00 23577 Books
    PHARMACY JRU Library JRU Library Shelf - 27- A 18/09/2019 PURCHESS 295.00 23578 Books